A Pair of Blue Eyes

التفاصيل البيبلوغرافية
المؤلف الرئيسي: T. Hardy
الملخص:Книга находится в премиум-версии платформы «Русский как иностранный».
Thomas Hardy was an English novelist and poet. A Pair of Blue Eyes – third published novel, but not his third novel. This is because the very first novel he completed, he never published, and in fact he destroyed the manuscript. This is the story about the love triangle of a young woman, Elfride Swancourt, and her two suitors from very different backgrounds.
منشور في: Москва, T8RUGRAM, 2018
الموضوعات:
الوصول للمادة أونلاين:Перейти к просмотру издания
التنسيق: الكتروني

MARC

LEADER 00000 a2200000 4500
001 RU/ROS-EDU.RU/120323
856 4 |u https://www.ros-edu.ru/book?id=120323  |z Перейти к просмотру издания 
010 |a 978-5-521-07044-2 
100 |a 20180101d2018 |||y0rusy0250  
105 |a y z 000zy 
101 0 |a rus 
102 |a RU 
200 1 |a A Pair of Blue Eyes  |b Электронный ресурс  |f T. Hardy 
700 1 |b T.  |a Hardy  |4 070 
330 |a Thomas Hardy was an English novelist and poet. A Pair of Blue Eyes – third published novel, but not his third novel. This is because the very first novel he completed, he never published, and in fact he destroyed the manuscript. This is the story about the love triangle of a young woman, Elfride Swancourt, and her two suitors from very different backgrounds. 
210 |a Москва  |c T8RUGRAM  |d 2018 
610 1 |a художественная литература 
610 1 |a английский язык 
610 1 |a зарубежная проза 
610 1 |a классика 
610 1 |a роман 
675 |a 82 
686 |a 84  |2 rubbk 
300 |a Книга находится в премиум-версии платформы «Русский как иностранный». 
215 |a 516 с.